|
|
|
|
| LEADER |
00000nam0a2200000 4500 |
| 001 |
148560 |
| 005 |
20231031145513.0 |
| 010 |
|
|
|a 5766301707
|
| 035 |
|
|
|a (RuTPU)RU\TPU\book\161066
|
| 090 |
|
|
|a 148560
|
| 100 |
|
|
|a 20081204d1990 m y0rusy50 ca
|
| 101 |
0 |
|
|a rus
|
| 102 |
|
|
|a RU
|
| 105 |
|
|
|a a z 000ay
|
| 200 |
1 |
|
|a Откуда родом ты...
|e роман, рассказы
|f В. А. Руссков
|g худож. Н. И. Холодок
|
| 210 |
|
|
|a Хабаровск
|c Хабаровское кн. изд-во
|d 1990
|
| 215 |
|
|
|a 320 с.
|c ил.
|
| 333 |
|
|
|a Исключено из фонда НТБ ТПУ
|
| 700 |
|
1 |
|a Руссков
|b В. А.
|g Владимир Александрович
|
| 702 |
|
1 |
|a Холодок
|b Н. И.
|4 440
|
| 801 |
|
1 |
|a RU
|b 63413507
|c 20081204
|g PSBO
|
| 801 |
|
2 |
|a RU
|b 63413507
|c 20220614
|g RCR
|
| 942 |
|
|
|c BK
|